Les Energies renovables en el món rural : seminari seminari
ISBN:
84-505-2600-0
Descripción Física:
205 p. : il. ; 30 cm
Idioma:
Catalán
MARC
| LEADER | 00000nam a2200000Ia 4500 | ||
|---|---|---|---|
| 001 | 2044 | ||
| 003 | Arxiu | ||
| 005 | 20260324175409.0 | ||
| 008 | 160829s1985 spcaxx s cat c | ||
| 020 | |a 84-505-2600-0 | ||
| 040 | |a AGDB | ||
| 080 | |a C-1-547 | ||
| 245 | 0 | 4 | |a Les Energies renovables en el món rural : |b seminari |
| 260 | |a Barcelona : |b Diputació de Barcelona. Servei d'Agricultura i Ramaderia, |c 1985 | ||
| 300 | |a 205 p. : |b il. ; |c 30 cm | ||
| 490 | 1 | |a Estudis i monografies ; |v 8 | |
| 650 | 0 | |a Energies renovables |9 50230 | |
| 650 | |a Energia solar |9 31505 | ||
| 650 | |a Energia eòlica |9 32457 | ||
| 710 | 1 | |a Barcelona (Catalunya : Província). |b Servei d'Agricultura i Ramaderia |9 54365 | |
| 830 | 0 | |a Estudis i monografies (Barcelona (Catalunya : Província). Diputació) |v 8 |9 55978 | |
| 901 | |a Arxiu | ||
| 942 | |n 1 |2 udc | ||
| 952 | |0 0 |1 0 |4 0 |6 C1547 |7 1 |9 45638 |a Arxiu |b Arxiu |d 2016-12-01 |l 0 |o C-1-547 |p 2044 |r 2016-12-01 00:00:00 |w 2016-12-01 |y ARXIU | ||
| 999 | |c 49137 |d 49137 | ||